| 000 | 00451nam a2200181Ia 4500 | ||
|---|---|---|---|
| 005 | 20241223152921.0 | ||
| 008 | 231217s9999 xx 000 0 und d | ||
| 020 | _a9788131724613 | ||
| 082 | _a001.6424 SOM;150 | ||
| 100 | _aSommerville, Ian. | ||
| 245 | 0 | _aSoftware engineering | |
| 250 | _a8th ed. | ||
| 260 |
_c2007 _bDorling Kindersley _aNoida |
||
| 300 | _a864 | ||
| 500 | _aContent pages available. | ||
| 650 | _aSoftware | ||
| 942 | _cAA | ||
| 999 |
_c188865 _d188865 |
||